000 00456cam a2200181ua 4500
020 _c$ 8.50
041 _aeng
_h
082 _a515.35
_bAGN/DI
100 _aAgnew, Ralph Plamer .
245 _aDifferential equations /
_cRalph Palmer Agnew.
_hTextual Documents
250 _a2 /
_b.
260 _aNew York :
_bMcGraw Hill Book Company ,
_c1960.
300 _a485 ; .
365 _a$ 8.50
504 _a
942 _cBK
999 _c3021
_d3021